Central Library OPAC University of Rajshahi

Syria and Lebanon : (Record no. 75315)

MARC details
000 -LEADER
fixed length control field 01712nam a2200457 a 4500
001 - CONTROL NUMBER
control field 75315
003 - CONTROL NUMBER IDENTIFIER
rucl marc code BD-RjUL
005 - DATE AND TIME OF LATEST TRANSACTION
control field 20211209082654.0
008 - FIXED-LENGTH DATA ELEMENTS--GENERAL INFORMATION
fixed length control field 19 s1954 enkb b 000 0 eng d
035 ## - SYSTEM CONTROL NUMBER
System control number (BD-RjUL)75533
040 ## - CATALOGING SOURCE
Original cataloging agency DLC
Transcribing agency BBH
Modifying agency NRC
-- EQO
Language of cataloging eng
041 ## - LANGUAGE CODE
Language code of text/sound track or separate title eng
082 ## - DEWEY DECIMAL CLASSIFICATION NUMBER
Classification number 956.9
Edition number 23
Author mark and year HOS 1954
092 ## - LOCALLY ASSIGNED DEWEY CALL NUMBER (OCLC)
Classification number D0503211617
100 1# - MAIN ENTRY--PERSONAL NAME
Personal name Hourani, Albert H.
Dates associated with a name 1915-1993.
9 (RLIN) 228364
245 10 - TITLE STATEMENT
Title Syria and Lebanon :
Remainder of title a political essay /
Statement of responsibility, etc. by A. H. Hourani.
260 ## - PUBLICATION, DISTRIBUTION, ETC. (IMPRINT)
Place of publication, distribution, etc. London ;
-- New York :
Name of publisher, distributor, etc. Oxford University Press,
Date of publication, distribution, etc. 1946.
300 ## - PHYSICAL DESCRIPTION
Pagination x, 402 p., [1] folded leaf :
Illustrations 5 maps ;
Size 22 cm.
500 ## - GENERAL NOTE
General note "Issued under the auspices of the Royal Institute of International Affairs"--t.p.
General note "Bibliographical note": p. 387-390 - Includes index.
651 #0 - SUBJECT ADDED ENTRY--GEOGRAPHIC NAME
Geographic name Syria
General subdivision Politics and government
9 (RLIN) 228365
Geographic name Lebanon
General subdivision Politics and government
9 (RLIN) 228366
710 2# - ADDED ENTRY--CORPORATE NAME
Corporate name or jurisdiction name as entry element Royal Institute of International Affairs.
9 (RLIN) 228367
942 ## - ADDED ENTRY ELEMENTS (KOHA)
Source of classification or shelving scheme Dewey Decimal Classification
Koha item type Books
Holdings
Lost status Source of classification or shelving scheme Damaged status Not for loan Collection code Permanent Location Current Location Shelving location Date acquired Total Checkouts Full call number Date last seen Copy number Koha item type
  Dewey Decimal Classification   Not For Loan Non-fiction Central Library, University of Rajshahi Central Library, University of Rajshahi Reading Room 19/02/2019   956.9 HOS 1954 19/02/2019 C-1 Books